000 00162 a2200073 4500
245 _aG Foundations of GMAT Math
_hText
005 20191021095717.0
260 _aNew York
_c2009
084 _aQA43.G58
999 _c12580
_d12580